El arte del renacimiento en Vizcaya : (Record no. 143661)
[ view plain ]
| 000 -LEADER | |
|---|---|
| campo de control de longitud fija | 00981cam a22002411 4500 |
| 001 - NÚMERO DE CONTROL | |
| campo de control | 143661 |
| 003 - IDENTIFICADOR DE NÚMERO DE CONTROL | |
| campo de control | SpMaBN |
| 005 - FECHA Y HORA DE LA ÚLTIMA TRANSACCIÓN | |
| campo de control | 20250812045700.0 |
| 008 - DATOS DE LONGITUD FIJA--INFORMACIÓN GENERAL | |
| campo de control de longitud fija | 981210s1954 sp spa |
| 016 7# - NÚMERO DE CONTROL DE UNA AGENCIA BIBLIOGRÁFICA NACIONAL | |
| Número de control del registro | bimoBNE20000197625 |
| Número de control cancelado/no válido | IND9800832624 |
| Fuente | SpMaBN |
| 035 ## - NÚMERO DE CONTROL DEL SISTEMA | |
| Número de control de sistema | (OCoLC)776497827 |
| 040 ## - FUENTE DE CATALOGACIÓN | |
| Centro catalogador/agencia de origen | SpMaBN |
| Lengua de catalogación | spa |
| Centro/agencia transcriptor | CDM |
| Centro/agencia modificador | ES-MaACL |
| 080 ## - NÚMERO DE LA CLASIFICACIÓN DECIMAL UNIVERSAL | |
| Número de la Clasificación Decimal Universal | 7.034(460.152)"15/16" |
| 100 0# - ENTRADA PRINCIPAL--NOMBRE DE PERSONA | |
| Nombre de persona | Sesmero Pérez, Francisco |
| Número de control del registro de autoridad o número normalizado | XX1039868 |
| 9 (RLIN) | 105886 |
| 245 13 - MENCIÓN DEL TÍTULO | |
| Título | El arte del renacimiento en Vizcaya : |
| Resto del título | (el arte en Vizcaya desde finales del siglo XV hasta la época del barroco) / |
| Mención de responsabilidad, etc. | por Francisco Sesmero Pérez ; prólogo de Juan de Irigoyen y Guerricabeitia |
| 260 ## - PUBLICACIÓN, DISTRIBUCIÓN, ETC. | |
| Lugar de publicación, distribución, etc. | Bilbao : |
| Nombre del editor, distribuidor, etc. | [s.n.], |
| Fecha de publicación, distribución, etc. | 1954 |
| Fabricante | Talleres Gráficos de Indauchu Editorial |
| 300 ## - DESCRIPCIÓN FÍSICA | |
| Extensión | XI, 259 p., [2] h., [27] h. de lám. ; |
| Dimensiones | 29 cm |
| 650 #0 - PUNTO DE ACCESO ADICIONAL DE MATERIA--TÉRMINO DE MATERIA | |
| Término de materia o nombre geográfico como elemento de entrada | Arte renacentista- |
| Subdivisión geográfica | Vizcaya |
| 9 (RLIN) | 227217 |
| 700 1# - ENTRADA AGREGADA--NOMBRE PERSONAL | |
| Nombre de persona | Irigoyen y Guerricabeitia, Juan de |
| 9 (RLIN) | 65472 |
| 942 ## - ELEMENTOS DE ENTRADA SECUNDARIOS (KOHA) | |
| Fuente del sistema de clasificación o colocación | Clasificación decimal universal |
| Tipo de ítem Koha | Libro impreso |
| Estatus retirado | Estado de pérdida | Estado de daño | No para préstamo | Biblioteca de origen | Biblioteca actual | Ubicación en estantería | Fecha de adquisición | Fuente de adquisición | Total de préstamos | Signatura topográfica completa | Código de barras | Visto por última vez | Precio de reemplazo | Tipo de ítem Koha |
|---|---|---|---|---|---|---|---|---|---|---|---|---|---|---|
| Biblioteca del Ateneo de Madrid | Biblioteca del Ateneo de Madrid | Sala Palomar | 17/01/2008 | C-9156 | 1149467 | 23/02/2023 | 23/02/2023 | Libro impreso |
